| 000 | 00836cam a2200205 4500 | ||
|---|---|---|---|
| 001 | 7006 | ||
| 010 | _a 96007410 | ||
| 020 | _a0415136725 (pbk.) | ||
| 020 | _a0415152631 | ||
| 082 | 0 | 0 |
_a070.4/1 _220 |
| 100 | 1 |
_aMorrish, John, _d1957- _0 |
|
| 245 | 1 | 0 |
_aMagazine editing / _cJohn Morrish. |
| 260 |
_aLondon ; _aNew York, NY : _bRoutledge, _c1996. |
||
| 300 |
_ax, 275 p. ; _c25 cm. |
||
| 500 | _a""A Blueprint book."" | ||
| 504 | _aIncludes bibliographical references and index. | ||
| 505 |
_aIntroduction -- How magazines work -- Editorial strategy -- Leader and manager -- Money matters -- The right words -- Pictures and design -- Managing production -- Here the buck stops -- Becoming an editor _g _r _t |
||
| 650 | 0 |
_aJournalism _xEditing. _0http://id.loc.gov/authorities/subjects/sh85070739 |
|
| 999 |
_c5942 _d5942 |
||